Statistics for Countries that Beat Malaysia

Click here to take the quiz!

General Stats

  • This quiz has been taken 2,990 times
    (1,226 since last reset)
  • The average score is 11 of 15

Answer Stats

RankCategoryCountries% Correct
5Most tourists in AsiaChina | Turkey | Thailand | Japan
100%
2Tallest buildingUnited Arab Emirates
98%
7Most tropical rainforestIndonesia | Brazil | Colombia | Peru | Democratic Republic of the Congo | Papua New Guinea
92%
6Largest mallIran | China | Thailand | United States | Philippines
87%
6Busiest container portChina | Singapore | South Korea | United Arab Emirates | Netherlands
86%
3Largest population of Indians living abroadUnited States | United Arab Emirates
82%
6Biggest two-word cityMexico | United States | Brazil | Argentina | China
80%
11Highest "Ease of Doing Business" rankingNew Zealand | Singapore | Denmark | South Korea | United States | Georgia | United Kingdom | Norway | Sweden | Lithuania
79%
2Most palm oil producedIndonesia
72%
5Most integrated circuit exportsChina | Taiwan | South Korea | Singapore
67%
2 (t)Busiest land border checkpointChina (Macau)
64%
6Largest number of endangered reptile speciesMadagascar | Mexico | Australia | Vietnam | Ecuador
62%
6Highest fish consumption per capitaIceland | Maldives | Kiribati | Seychelles | Palau
60%
7Most precipitationColombia | Sao Tome and Principe | Papua New Guinea | Solomon Islands | Panama | Costa Rica
56%
5Oldest ever head of governmentBrunei | Malawi | Thailand | Tonga
43%

Score Distribution

Percentile by Number Answered

Percent of People with Each Score

Your Score History

You have not taken this quiz since the last reset